<?xml version='1.0' encoding='UTF-8'?>
  <record xmlns="http://www.loc.gov/MARC21/slim">
    <leader>00000cem a2200000 i 4500</leader>
    <controlfield tag="001">ocn980503617</controlfield>
    <controlfield tag="003">OCoLC</controlfield>
    <controlfield tag="005">20250321183302.8</controlfield>
    <controlfield tag="008">000202s1740    gw        u     0   lat d</controlfield>
    <datafield tag="040" ind1=" " ind2=" ">
      <subfield code="a">QGJ</subfield>
      <subfield code="b">dut</subfield>
      <subfield code="c">QGJ</subfield>
      <subfield code="d">QGJ</subfield>
      <subfield code="d">OCLCF</subfield>
      <subfield code="d">OCLCO</subfield>
      <subfield code="d">OCLCQ</subfield>
      <subfield code="d">OCLCO</subfield>
    </datafield>
    <datafield tag="035" ind1=" " ind2=" ">
      <subfield code="a">(OCoLC)980503617</subfield>
    </datafield>
    <datafield tag="041" ind1="0" ind2=" ">
      <subfield code="a">lat</subfield>
      <subfield code="a">fre</subfield>
    </datafield>
    <datafield tag="084" ind1=" " ind2=" ">
      <subfield code="a">74.26</subfield>
      <subfield code="2">bcl</subfield>
    </datafield>
    <datafield tag="245" ind1="0" ind2="0">
      <subfield code="a">Mappa geographica complectens I. Indiae Occidentalis, partem mediam circum Isthmum Panamensem, II. Ipsumque Isthmum, III. Ichnographiam praecipuorum locorum &amp; portuum ad has terras pertinentium :</subfield>
      <subfield code="b">desumta omnia ex Historia Insulae S. Dominici &amp; pro praesenti statu belli, quod est 1740 inter Anglos &amp; Hispanos exportum /</subfield>
      <subfield code="c">luci publicae tradita ab Homannianis Heredibus = Carte des Isles de l'Amérique et de plusieurs pays de terre ferme situés au devant de ces Isles &amp; autour du Golfe de Mexique, dressée sur un grand nombre de cartes particulières, sur les instructions des navigateurs et voyageurs, sur les récits des historiens espagnols, qui fournissent des détails, qu'on n'a point fait entrer dans les cartes, le tout s'accordant avec des determinations les plus nouvelles &amp; avec des observations astronomiques de longitude de la Martinique, St. Domingue, la Jamaique, Carthagène et la Louisiane / par le Sr. d'Anville, mars 1731.</subfield>
    </datafield>
    <datafield tag="246" ind1="1" ind2=" ">
      <subfield code="a">Carte des Isles de l'Amérique et de plusieurs pays de terre ferme situés au devant de ces Isles &amp; autour du Golfe de Mexique</subfield>
    </datafield>
    <datafield tag="264" ind1=" " ind2="1">
      <subfield code="a">[Nürnberg] :</subfield>
      <subfield code="b">[Homannianes Heredes],</subfield>
      <subfield code="c">1740.</subfield>
    </datafield>
    <datafield tag="300" ind1=" " ind2=" ">
      <subfield code="a">1 krt. :</subfield>
      <subfield code="b">kopergrav., in kleur ;</subfield>
      <subfield code="c">57 x 48 cm</subfield>
    </datafield>
    <datafield tag="336" ind1=" " ind2=" ">
      <subfield code="a">cartografische afbeelding</subfield>
      <subfield code="b">cri</subfield>
      <subfield code="2">rdacontent/dut</subfield>
    </datafield>
    <datafield tag="337" ind1=" " ind2=" ">
      <subfield code="a">zonder medium</subfield>
      <subfield code="b">n</subfield>
      <subfield code="2">rdamedia/dut</subfield>
    </datafield>
    <datafield tag="338" ind1=" " ind2=" ">
      <subfield code="a">vel</subfield>
      <subfield code="b">nb</subfield>
      <subfield code="2">rdacarrier/dut</subfield>
    </datafield>
    <datafield tag="500" ind1=" " ind2=" ">
      <subfield code="a">Met stadsgezicht: Urbs capitalis Regni Mexicani dicta Mexico, en 4 bijkrt.: Baye de Panama, Delineatio munimenti et Portus S. Augustini, Delineatio Portus Mexicani Vera Cruz, Ichnographia Urbis San-Domningo.</subfield>
    </datafield>
    <datafield tag="651" ind1=" " ind2="0">
      <subfield code="a">America, Gulf of.</subfield>
    </datafield>
    <datafield tag="651" ind1=" " ind2="0">
      <subfield code="a">Caribbean Area.</subfield>
    </datafield>
    <datafield tag="651" ind1=" " ind2="0">
      <subfield code="a">Central America.</subfield>
    </datafield>
    <datafield tag="651" ind1=" " ind2="0">
      <subfield code="a">Mexico City (Mexico)</subfield>
    </datafield>
    <datafield tag="651" ind1=" " ind2="6">
      <subfield code="a">Mexique, Golfe du.</subfield>
    </datafield>
    <datafield tag="651" ind1=" " ind2="6">
      <subfield code="a">Caraïbes (Région)</subfield>
    </datafield>
    <datafield tag="651" ind1=" " ind2="6">
      <subfield code="a">Amérique centrale.</subfield>
    </datafield>
    <datafield tag="651" ind1=" " ind2="7">
      <subfield code="a">Caribbean Area</subfield>
      <subfield code="2">fast</subfield>
    </datafield>
    <datafield tag="651" ind1=" " ind2="7">
      <subfield code="a">Central America</subfield>
      <subfield code="2">fast</subfield>
    </datafield>
    <datafield tag="651" ind1=" " ind2="7">
      <subfield code="a">Gulf of Mexico</subfield>
      <subfield code="2">fast</subfield>
      <subfield code="1">https://id.oclc.org/worldcat/entity/E39PBJtrWRdc7VtxYfr9FB7mBP</subfield>
    </datafield>
    <datafield tag="651" ind1=" " ind2="7">
      <subfield code="a">Mexico</subfield>
      <subfield code="z">Mexico City</subfield>
      <subfield code="2">fast</subfield>
      <subfield code="1">https://id.oclc.org/worldcat/entity/E39PBJdmhfRkwxmX88MFbP4KBP</subfield>
    </datafield>
    <datafield tag="655" ind1=" " ind2="7">
      <subfield code="a">Kaarten (vorm)</subfield>
      <subfield code="0">(NL-LeOCL)088143554.</subfield>
      <subfield code="2">gtt</subfield>
    </datafield>
    <datafield tag="700" ind1="1" ind2=" ">
      <subfield code="a">Anville, Jean Baptiste Bourguignon d',</subfield>
      <subfield code="d">1697-1782.</subfield>
      <subfield code="4">ctg</subfield>
    </datafield>
    <datafield tag="936" ind1=" " ind2=" ">
      <subfield code="a">BATCHLOAD</subfield>
    </datafield>
  </record>